La concurrence mémorielle (notice n° 1568041)
[ vue normale ]
| 000 -LEADER | |
|---|---|
| fixed length control field | 01583cam a2200145 4500500 |
| 005 - DATE AND TIME OF LATEST TRANSACTION | |
| control field | 20251214003916.0 |
| 041 ## - LANGUAGE CODE | |
| Language code of text/sound track or separate title | fre |
| 042 ## - AUTHENTICATION CODE | |
| Authentication code | dc |
| 100 10 - MAIN ENTRY--PERSONAL NAME | |
| Personal name | Grandjean, Geoffrey |
| Relator term | author |
| 245 00 - TITLE STATEMENT | |
| Title | La concurrence mémorielle |
| 260 ## - PUBLICATION, DISTRIBUTION, ETC. | |
| Name of publisher, distributor, etc. | Armand Colin,<br/> |
| Date of publication, distribution, etc. | 2011.<br/> |
| 520 ## - SUMMARY, ETC. | |
| Summary, etc. | « Ce que personne ne sait et qui ne laisse pas de trace n’existe pas » expliquait Italo Svevo. Si chez certains le temps suffit pour qu’un événement tombe dans l’oubli et qu’on vienne à penser qu’il n’a jamais existé. Pour d’autres, au contraire, le souvenir est resté vivace, entretenu par un groupe ou une communauté d’individus, souvent organisés en associations, et prêts à tout pour faire connaître et reconnaître un massacre, un attentat, un génocide, une catastrophe naturelle… Confrontés les uns aux autres, ces souvenirs suscitent parfois une compétition malheureuse, parfois volontaire, souvent inconsciente, qui s’alimente d’un univers sur-médiatisé où les images récentes et plus anciennes se multiplient et se télescopent. La concurrence des mémoires défie les imaginaires nationaux et remet en question le droit des États à dicter ce qui leur semble bon pour la Nation. Souvent considérée comme un effet secondaire lié à des problèmes plus fondamentaux, la concurrence mémorielle est en réalité un enjeu structurant et déterminant pour la cohésion sociale de nos sociétés. |
| 700 10 - ADDED ENTRY--PERSONAL NAME | |
| Personal name | Jamin, Jérôme |
| Relator term | author |
| 856 41 - ELECTRONIC LOCATION AND ACCESS | |
| Uniform Resource Identifier | <a href="https://shs.cairn.info/la-concurrence-memorielle--9782200259174?lang=fr&redirect-ssocas=7080">https://shs.cairn.info/la-concurrence-memorielle--9782200259174?lang=fr&redirect-ssocas=7080</a> |
Pas d'exemplaire disponible.




Réseaux sociaux